| 000 | 00839cab a2200289 4500 | ||
|---|---|---|---|
| 001 | ABS47608 | ||
| 008 | 090401t1992 xxu||||| |||| 00| 0 eng d | ||
| 035 | _a(Sirsi) u62624 | ||
| 041 | _aeng | ||
| 245 | _aShropshire and Staffordshire | ||
| 260 | _c1992 | ||
| 350 | _a0 | ||
| 490 |
_aEstates Times _v(1171) 11 December 1992, 21-25(5) |
||
| 650 | _aINDUSTRIAL MARKET | ||
| 650 | _aPROPERTY-COMMERCIAL PROPERTY-OFFICE PROPERTY-OFFICE PROPERTY MARKET | ||
| 650 | _aRELOCATION | ||
| 650 | _aPROPERTY-COMMERCIAL PROPERTY-RETAIL PROPERTY-RETAIL PROPERTY MARKET | ||
| 650 | _aSHREWSBURY | ||
| 650 | _aSHROPSHIRE | ||
| 650 | _aSTAFFORDSHIRE | ||
| 650 | _aSTOKE-ON-TRENT | ||
| 650 | _aTAMWORTH | ||
| 650 | _aTELFORD | ||
| 690 | _aPROPERTY-COMMERCIAL PROPERTY-COMMERCIAL PROPERTY MARKET | ||
| 942 | _n0 | ||
| 948 | _c04/03/1997 | ||
| 999 |
_c38886 _d38886 |
||